Statistiques concernant Mangas les plus populaires au japon

Cliquez ici pour prendre le quiz!

Statistiques générales

  • Ce quiz a été pris 319 fois
  • Le résultat moyen est 17 sur 100

Statistiques - réponses

RankManga% Correct
1One Piece
98%
7Naruto
95%
5Dragon Ball
89%
2Demon Slayer
77%
23Bleach
75%
11Hunter X Hunter
61%
19Jujutsu Kaisen
61%
16My Hero Academia
61%
65Fairy Tail
57%
6L'attaque des Titans
56%
4Detective Conan
49%
8Haikyu!!
47%
91Berserk
45%
9Fullmetal Alchemist
45%
3Slam Dunk
45%
41Tokyo Ghoul
41%
10JoJo's Bizarre Adventure
39%
51Assassination Classroom
37%
100Dr. Stone
31%
80Captain
29%
58Chainsaw Man
29%
15Doraemon
28%
84Fire Force
27%
13Kingdom
26%
46The Promised Neverland
25%
53Black Butler
23%
12Gintama
23%
97Captain Tsubasa
21%
36Golgo 13
21%
47Hajime no Ippo
21%
52Kuroko's Basket
21%
17Yu Yu Hakusho
19%
31Kenshin le Vagabond
17%
22Ken le Survivant
16%
57City Hunter
15%
39Astro Boy
13%
29Ashita no Joe
11%
87Fruits Basket
11%
60Parasyte
11%
26Banana Fish
9%
74Devilman
9%
28Inuyasha
9%
67Reborn!
9%
18Black Jack
7%
62Card Captor Sakura
7%
95D.Gray-Man
7%
50Kaguya-Sama : Love is War
7%
35KochiKame
6%
83Major
6%
37Sazae-san
6%
54The Prince of Tennis
6%
24Touch
6%
40Golden Kamuy
5%
14World Trigger
5%
82Hikaru no Go
4%
94Rent-A-Girlfriend
4%
64Bungo Stray Dogs
3%
72H2
3%
63Kinniku Man
3%
75Magi : The Labyrinth of Magic
3%
32Maison Ikkoku
3%
76Oishinbo
3%
85Toilet-Bound Hanako-Kun
3%
90Aria
2%
79Basara
2%
56Candy Candy
2%
69Cyborg 009
2%
42Dokaben
2%
21Glass Mask
2%
70Hana Yori Dango
2%
86Karakuri Circus
2%
25Phoenix
2%
43The Quintessential Quintuplets
2%
61Urusei Yatsura
2%
81Barbaric Legend
1%
30Dragon Quest : The Adventure of Dai
1%
73Galaxy Express 999
1%
68Hoshin Engi
1%
99March Comes in Like a Lion
1%
49Master Keaton
1%
96Sket Dance
1%
78Space Battleship Yamato
1%
66Tokimeki Tonight
1%
77Abu-san
0%
44Aim for the Ace!
0%
45Dobutsu no Oisha-san
0%
55Haikara-san : Here Comes Miss Modern
0%
88Kaze no Daichi
0%
27La Rose de Versaiiles
0%
92Macaroni Spinach
0%
20Natsume's Book of Friends
0%
59Nodame Cantabile
0%
93Princess Knight
0%
38Star of the Giants
0%
98Tenshi Nanka Ja Nai
0%
71Tetsujin 28-Go
0%
34The Poe Clan
0%
48Ushio and Tora
0%
89Yukan Clud
0%
33Zatch Bell!
0%

Distribution des résultats

Percentile par nombre de réponses

% des personnes avec chaque résultat

Votre développement - résultats

Vous n’avez pas pris ce quiz